Catálogo

CONTABILIDAD DE COSTOS PARA USO DE LA GERENCIA (Registro nro. 10164)

Detalles MARC
000 -LEADER
fixed length control field 00435nam a2200169 a 4500
001 - CONTROL NUMBER
control field 10164
005 - DATE AND TIME OF LATEST TRANSACTION
control field 20180713194221.0
008 - FIXED-LENGTH DATA ELEMENTS--GENERAL INFORMATION
fixed length control field 140415s1978 000 0 spa d
041 ## - LANGUAGE CODE
Language code of text/sound track or separate title spa
082 ## - DEWEY DECIMAL CLASSIFICATION NUMBER
Classification number 657.42
Item number LID
100 1# - MAIN ENTRY--PERSONAL NAME
Personal name LI, DAVID H.
245 10 - TITLE STATEMENT
Title CONTABILIDAD DE COSTOS PARA USO DE LA GERENCIA
260 ## - PUBLICATION, DISTRIBUTION, ETC.
Place of publication, distribution, etc. [s.l.] :
Name of publisher, distributor, etc. DIANA,
Date of publication, distribution, etc. 1978
300 ## - PHYSICAL DESCRIPTION
Extent 742
650 14 - SUBJECT ADDED ENTRY--TOPICAL TERM
Topical term or geographic name entry element CONTABILIDAD
700 1# - ADDED ENTRY--PERSONAL NAME
Personal name PARDO, V.
Relator term tr.
Existencias
Withdrawn status Lost status Source of classification or shelving scheme Damaged status Not for loan Collection code Home library Current library Shelving location Date acquired Source of acquisition Inventory number Total Checkouts Full call number Barcode Date last seen Date last checked out Price effective from Koha item type
    Dewey Decimal Classification     General Biblioteca Karol Wojtyla Biblioteca Karol Wojtyla Sala general 03/12/2013 Compra 151000000000000000024499   657.42 LID 24904 05/01/2026 22/01/2016 03/12/2013 Libro